000 002430000a22000970004500
100 1 _aGreen, Lyn
245 1 0 _aLet your quiet time be your quality time
300 _aNúm 67 (1994), Páginas 16-17
773 0 _tWorld Evangelization
942 _cANA
999 _c57589
_d57589